| 000 | 00439nam a22001457a 4500 | ||
|---|---|---|---|
| 020 | _qPB. | ||
| 040 | _cFIZZA ISHAQ | ||
| 082 |
_a332.6 _bCFA |
||
| 100 |
_aCFA. _9133803 |
||
| 245 |
_aCorporate Finance and Portfolio Management CFA Program Curriculum (2009) Level 1 / _cCFA. |
||
| 250 | _aVol: 4 | ||
| 260 |
_aNew York: _bPearson Custom Publishing, _c2009. |
||
| 300 |
_aiii X Xiii 285, A-1 I-68 P. ; _c10.8 X 8.5 inches |
||
| 942 |
_2ddc _cBK |
||
| 999 |
_c616766 _d616766 |
||